[Event "13ème Open International de Saint-Affriq"]
[Site "Saint-Affrique"]
[Date "????.??.??"]
[Round "4.5"]
[White "Collas, Didier"]
[Black "Sasu-Ducsoara, Andreea-Teodora"]
[Result "1/2-1/2"]
[WhiteElo "2425"]
[BlackElo "2210"]
[PlyCount "85"]

1. Nf3 Nf6 2. c4 c5 3. Nc3 e6 4. g3 b6 5. Bg2 Bb7 6. O-O Be7 7. Re1 O-O 8. e4
d6 9. d4 cxd4 10. Nxd4 Qc8 11. Be3 Nc6 12. Rc1 Nxd4 13. Bxd4 Rd8 14. Qe2 Bc6
15. Nd5 Kf8 16. b3 e5 17. Bb2 Qb7 18. Rc2 Nxd5 19. cxd5 Bd7 20. Qh5 Kg8 21. f4
f6 22. Bh3 Rac8 23. Rd2 Bxh3 24. Qxh3 Bf8 25. Ree2 Re8 26. fxe5 fxe5 27. Rc2
Rc7 28. Ba3 b5 29. Rxc7 Qxc7 30. Qf5 Qc8 31. Qf2 Qa6 32. Bc1 Be7 33. Rc2 Rc8
34. Be3 Rxc2 35. Qxc2 Bd8 36. Kg2 Qb7 37. h4 a6 38. h5 Qc7 39. Qxc7 Bxc7 40.
Kf3 Kf7 41. Kg4 Ba5 42. Kf3 Bb4 43. Bb6 1/2-1/2

[Event "13ème Open International de Saint-Affriq"]
[Site "Saint-Affrique"]
[Date "????.??.??"]
[Round "4.6"]
[White "Van Elst, Andreas"]
[Black "Velikov, Petar"]
[Result "0-1"]
[WhiteElo "2263"]
[BlackElo "2422"]
[PlyCount "70"]

1. d4 d6 2. Nf3 Bg4 3. e4 Nf6 4. Nc3 e6 5. Be2 Be7 6. O-O O-O 7. h3 Bh5 8. Bf4
c6 9. Re1 d5 10. Bd3 dxe4 11. Nxe4 Nbd7 12. c3 Nxe4 13. Bxe4 Nf6 14. Bc2 a5 15.
Be5 Re8 16. Qd3 Bg6 17. Qe2 a4 18. Bxg6 hxg6 19. Rad1 b5 20. Bxf6 gxf6 21. a3
Qd5 22. Rd3 Rad8 23. Red1 Bf8 24. Nh2 Bg7 25. Ng4 Re7 26. Rg3 f5 27. Ne3 Qe4
28. Qf3 Qxf3 29. Rxf3 Red7 30. Rb1 e5 31. dxe5 Bxe5 32. g4 f4 33. Nc2 Rd1+ 34.
Rxd1 Rxd1+ 35. Kg2 c5 0-1

[Event "13ème Open International de Saint-Affriq"]
[Site "Saint-Affrique"]
[Date "????.??.??"]
[Round "4.7"]
[White "Boudre, Jean-Pierre"]
[Black "Flouzat, Jean-Marc"]
[Result "1-0"]
[WhiteElo "2359"]
[BlackElo "2174"]
[PlyCount "63"]

1. e4 c6 2. d4 d5 3. exd5 cxd5 4. c4 Nf6 5. Nc3 g6 6. cxd5 Nxd5 7. Bc4 Nb6 8.
Bb3 Bg7 9. d5 O-O 10. Be3 a5 11. Nge2 Bd7 12. a3 Nc8 13. O-O Nd6 14. Bd4 Na6
15. Re1 Nc7 16. Bxg7 Kxg7 17. Nd4 Re8 18. Rc1 Na6 19. h4 Nc5 20. Ba2 Qb6 21.
Qd2 Rac8 22. h5 Na4 23. Nxa4 Bxa4 24. Rxc8 Nxc8 25. Re6 Qc5 26. hxg6 hxg6 27.
Qe3 Kg8 28. Re4 Qd6 29. Ne6 Bd7 30. Qh6 fxe6 31. Qxg6+ Kf8 32. Rg4 1-0

[Event "13ème Open International de Saint-Affriq"]
[Site "Saint-Affrique"]
[Date "????.??.??"]
[Round "4.8"]
[White "Saada, Julien"]
[Black "Gaudineau, Eric"]
[Result "1-0"]
[WhiteElo "2257"]
[BlackElo "2338"]
[PlyCount "89"]

1. d4 d5 2. c4 c6 3. Nf3 Nf6 4. e3 e6 5. Nbd2 Nbd7 6. b3 Bd6 7. Bb2 O-O 8. Bd3
Re8 9. Ne5 Bxe5 10. dxe5 Nc5 11. Bc2 Nfe4 12. Nxe4 dxe4 13. Qxd8 Rxd8 14. Bd4
Nd3+ 15. Bxd3 exd3 16. O-O-O b6 17. Bc3 c5 18. f3 Bb7 19. Rhf1 Bc6 20. Rf2 Rd7
21. Be1 g5 22. Rfd2 Rad8 23. a4 a6 24. Ra2 Kg7 25. e4 b5 26. axb5 axb5 27. Bf2
bxc4 28. bxc4 Rc7 29. Kd2 Be8 30. Kc3 Rb7 31. Rxd3 Rxd3+ 32. Kxd3 Rb3+ 33. Kc2
Rb4 34. Kc3 Rb1 35. Bxc5 g4 36. Be7 Rh1 37. Bf6+ Kh6 38. fxg4 Bc6 39. Re2 Rxh2
40. Kd4 Rh1 41. Re3 Kg6 42. Kc5 Ba8 43. g5 Rc1 44. Rh3 h5 45. g4 1-0

[Event "13ème Open International de Saint-Affriq"]
[Site "Saint-Affrique"]
[Date "????.??.??"]
[Round "4.13"]
[White "Guedon, Stephane"]
[Black "Bosc, Sebastien"]
[Result "1-0"]
[WhiteElo "2263"]
[BlackElo "2048"]
[PlyCount "39"]

1. e4 e5 2. Nf3 Nf6 3. d4 Nxe4 4. Bd3 d5 5. Nxe5 Nd7 6. Qe2 Nxe5 7. Bxe4 Be6 8.
dxe5 dxe4 9. Qb5+ Qd7 10. Qxb7 Bd5 11. Qa6 e3 12. Bxe3 Bxg2 13. Rg1 Be4 14. Qc4
Bd5 15. Qd3 Qe6 16. Nc3 Bc4 17. Qe4 Rd8 18. Rd1 g6 19. Rxd8+ Kxd8 20. Rg4 1-0

[Event "13ème Open International de Saint-Affriq"]
[Site "Saint-Affrique"]
[Date "????.??.??"]
[Round "4.22"]
[White "Milesi, Laurent"]
[Black "Andrieu, Philippe"]
[Result "0-1"]
[WhiteElo "2144"]
[BlackElo "1977"]
[PlyCount "40"]

1. e4 Nc6 2. Nf3 Nf6 3. Nc3 d5 4. e5 d4 5. Ne2 Ng4 6. c3 d3 7. Ned4 Ngxe5 8.
Nxe5 Nxe5 9. f4 Ng6 10. Qf3 e5 11. Qe3 Qe7 12. Nf3 e4 13. Nd4 c5 14. Nb3 f5 15.
g3 Be6 16. Na5 Qc7 17. b4 cxb4 18. cxb4 Bxb4 19. Bb2 Bxa5 20. Rc1 Qd6 0-1

[Event "13ème Open International de Saint-Affriq"]
[Site "Saint-Affrique"]
[Date "????.??.??"]
[Round "4.39"]
[White "Deumie, Philippe"]
[Black "Deveau, Henri"]
[Result "0-1"]
[WhiteElo "2024"]
[BlackElo "1846"]
[PlyCount "80"]

1. e4 e6 2. Qe2 e5 3. Nf3 Nc6 4. c3 d5 5. d4 Bg4 6. Qb5 Bxf3 7. gxf3 Nge7 8.
Be3 Qd7 9. Nd2 exd4 10. cxd4 Qd6 11. Nb3 Qb4+ 12. Bd2 Qxb5 13. Bxb5 O-O-O 14.
Be3 a6 15. Be2 g6 16. O-O h5 17. Rac1 Bh6 18. a3 f5 19. Bxh6 Rxh6 20. e5 f4 21.
Bd3 g5 22. Rfd1 Kb8 23. Kf1 g4 24. Ke2 a5 25. a4 Nb4 26. Bb1 b6 27. Rg1 Rg8 28.
Rg2 Re6 29. Rcg1 c5 30. fxg4 c4 31. Nd2 Nec6 32. Nf3 h4 33. g5 Rh8 34. g6 Nd3
35. Bxd3 cxd3+ 36. Kxd3 Nb4+ 37. Kd2 Rc6 38. Rc1 Rxc1 39. Kxc1 h3 40. g7 Rc8+
0-1

[Event "13ème Open International de Saint-Affriq"]
[Site "Saint-Affrique"]
[Date "????.??.??"]
[Round "4.40"]
[White "Sauvan, Olivier"]
[Black "Lafitte, Luc"]
[Result "1-0"]
[WhiteElo "1820"]
[BlackElo "2020"]
[PlyCount "77"]

1. d4 d5 2. c4 Nc6 3. Bf4 Bf5 4. Nf3 e6 5. e3 Bb4+ 6. Nc3 Nge7 7. a3 Bd6 8. Bg5
dxc4 9. e4 Bg4 10. Bxc4 f6 11. Be3 Qd7 12. Rc1 a6 13. b4 O-O 14. O-O Kh8 15. h3
Bh5 16. Qb3 Nd8 17. Rfd1 c6 18. d5 cxd5 19. exd5 e5 20. Be2 b5 21. Nxe5 fxe5
22. Bxh5 Nb7 23. Bg4 Qe8 24. Ne4 Nf5 25. Nxd6 Nbxd6 26. Bc5 Rf6 27. Re1 Nc4 28.
Qc3 Qg6 29. Be2 Nfd6 30. Bxd6 Nxd6 31. Qxe5 Raf8 32. Bh5 Qh6 33. Rc6 Qd2 34.
Re2 Qd1+ 35. Kh2 Kg8 36. Rxd6 Rxd6 37. Qxd6 g6 38. Qxf8+ Kxf8 39. Re8+ 1-0

[Event "13ème Open International de Saint-Affriq"]
[Site "Saint-Affrique"]
[Date "????.??.??"]
[Round "4.82"]
[White "Blanchon, Pascal"]
[Black "Holt, Michael"]
[Result "1-0"]
[WhiteElo "1730"]
[BlackElo "1099"]
[PlyCount "21"]

1. e4 b6 2. d4 Bb7 3. Nc3 Nf6 4. Qf3 e6 5. Bg5 Be7 6. Bd3 O-O 7. Nge2 Nc6 8.
Qh3 Re8 9. e5 Nd5 10. Qxh7+ Kf8 11. Qh8# 1-0

[Event "13ème Open International de Saint-Affriq"]
[Site "Saint-Affrique"]
[Date "????.??.??"]
[Round "4.99"]
[White "Delachoux, Didier"]
[Black "Vignette, Jeanne"]
[Result "0-1"]
[WhiteElo "1280"]
[BlackElo "1120"]
[PlyCount "78"]

1. d4 d5 2. Nf3 Nf6 3. Bg5 h6 4. Bxf6 exf6 5. e3 Bg4 6. Nbd2 Nc6 7. c3 Bd6 8.
Be2 O-O 9. Nh4 Bxe2 10. Qxe2 Qd7 11. Nhf3 f5 12. O-O f4 13. Qb5 fxe3 14. fxe3
a6 15. Qxd5 Rae8 16. Rae1 Ne7 17. Qxb7 Nf5 18. e4 Ne7 19. Qxa6 Ra8 20. Qc4 Ra4
21. Qb3 Ng6 22. a3 Nf4 23. Qc2 Nh5 24. e5 Be7 25. Qe4 Bg5 26. Nxg5 hxg5 27. Nb3
Ra6 28. Nc5 Qb5 29. Nxa6 Qxa6 30. Rf2 Qc8 31. Qh4 $4 gxh4 32. Ref1 Qg4 33. h3
Qe4 34. Rf5 Ng3 35. R5f4 Qe3+ 36. R1f2 Qe1+ 37. Rf1 Ne2+ 38. Kh2 Qg3+ 39. Kh1
Nxf4 0-1

[Event "13ème Open International de Saint-Affriq"]
[Site "Saint-Affrique"]
[Date "????.??.??"]
[Round "5.1"]
[White "Apicella, Manuel"]
[Black "Boudre, Jean-Pierre"]
[Result "1/2-1/2"]
[WhiteElo "2553"]
[BlackElo "2359"]
[PlyCount "83"]

1. e4 e5 2. Nf3 Nc6 3. Bb5 a6 4. Ba4 Nf6 5. O-O Be7 6. Re1 b5 7. Bb3 O-O 8. d4
d6 9. c3 Bg4 10. Be3 exd4 11. cxd4 Na5 12. Bc2 Nc4 13. Bc1 c5 14. b3 Nb6 15.
Bb2 cxd4 16. Nbd2 Rc8 17. h3 Bh5 18. g4 Bg6 19. Nxd4 d5 20. e5 Bxc2 21. Nxc2
Nfd7 22. Nd4 Nc5 23. N2f3 Ne4 24. Qd3 g6 25. Nd2 Nc5 26. Qe3 Ne6 27. f4 Nd7 28.
N2f3 Bc5 29. f5 Nxd4 30. Bxd4 Bxd4 31. Nxd4 Re8 32. Nf3 Nxe5 33. Nxe5 f6 34.
fxg6 fxe5 35. gxh7+ Kh8 36. Rf1 d4 37. Qh6 Rc7 38. Rf5 Rxh7 39. Qg6 Rg8 40. Qe6
Re8 41. Qg6 Rg8 42. Qe6 1/2-1/2

[Event "13ème Open International de Saint-Affriq"]
[Site "Saint-Affrique"]
[Date "????.??.??"]
[Round "5.2"]
[White "Velikov, Petar"]
[Black "Kosten, Anthony C"]
[Result "0-1"]
[WhiteElo "2422"]
[BlackElo "2522"]
[PlyCount "80"]

1. Nf3 c5 2. g3 Nc6 3. Bg2 e5 4. c4 g6 5. Nc3 Bg7 6. O-O d6 7. d3 Nge7 8. Ne1
Be6 9. Nd5 O-O 10. Nc2 Rb8 11. Rb1 b5 12. Bg5 f6 13. Bd2 bxc4 14. dxc4 f5 15.
Bc3 e4 16. Bxg7 Kxg7 17. Qd2 Ne5 18. Nxe7 Qxe7 19. b3 g5 20. Ne1 Nxc4 21. Qc3+
Kg8 22. f3 e3 23. Rd1 Nd2 24. Qxe3 Nxf1 25. Kxf1 f4 26. Qd2 Rbd8 27. Nd3 Qf6
28. Nf2 Qe5 29. Bh3 Bxh3+ 30. Nxh3 fxg3 31. hxg3 Qxg3 32. Qd5+ Kh8 33. Nxg5 Rd7
34. Ne4 Qh2 35. Ke1 Rg7 36. Rd3 Rg1+ 37. Kd2 Qf4+ 38. Re3 Qh4 39. Kc3 Qe1+ 40.
Nd2 Qc1+ 0-1

[Event "13ème Open International de Saint-Affriq"]
[Site "Saint-Affrique"]
[Date "????.??.??"]
[Round "5.3"]
[White "Saada, Julien"]
[Black "Georgiev, Krum"]
[Result "0-1"]
[WhiteElo "2257"]
[BlackElo "2468"]
[PlyCount "120"]

1. d4 g6 2. e4 Bg7 3. Nc3 d6 4. f4 a6 5. Be3 b5 6. Bd3 Nd7 7. Nf3 Bb7 8. e5 Nh6
9. Qe2 O-O 10. e6 c5 11. Be4 Bxe4 12. Nxe4 f5 13. Nxc5 Nxc5 14. dxc5 dxc5 15.
Ne5 Qd6 16. Rd1 Qxe6 17. Bxc5 Bxe5 18. Qxe5 Qxe5+ 19. fxe5 Kf7 20. e6+ Kxe6 21.
O-O Ng8 22. Rfe1+ Kf7 23. Rd7 Rfd8 24. Rb7 Rdb8 25. Rd7 Rd8 26. Rb7 Rdb8 27.
Rd7 Ke8 28. Rd6 Rb7 29. Rde6 Kf7 30. h3 Rc8 31. b4 a5 32. a3 axb4 33. axb4 Rd8
34. R1e2 Rdd7 35. g4 fxg4 36. hxg4 h6 37. Kg2 Rd5 38. Kg3 h5 39. gxh5 Rxh5 40.
R6e4 Rf5 41. c3 Rd7 42. R2e3 Rg5+ 43. Kf4 Rdd5 44. Re5 Rf5+ 45. Rxf5+ Rxf5+ 46.
Kg3 e5 47. c4 bxc4 48. Rc3 Nf6 49. Rxc4 Ke6 50. Ba7 Rf1 51. b5 Rb1 52. Rc6+ Kf5
53. b6 Rb2 54. Bb8 g5 55. Bc7 Nh5+ 56. Kf3 g4+ 57. Ke3 Nf4 58. Bxe5 Kxe5 59.
Rc5+ Nd5+ 60. Kd3 Rxb6 0-1

[Event "13ème Open International de Saint-Affriq"]
[Site "Saint-Affrique"]
[Date "????.??.??"]
[Round "5.4"]
[White "Degraeve, Jean-Marc"]
[Black "Guedon, Stephane"]
[Result "1-0"]
[WhiteElo "2546"]
[BlackElo "2263"]
[PlyCount "77"]

1. e4 c5 2. Nf3 Nc6 3. d4 cxd4 4. Nxd4 Nf6 5. Nc3 d6 6. Bg5 e6 7. Qd2 a6 8.
O-O-O Bd7 9. f4 Be7 10. Nf3 b5 11. Bxf6 gxf6 12. Kb1 Qb6 13. Ne2 Qf2 14. f5 h5
15. Nf4 Qxd2 16. Rxd2 Bf8 17. fxe6 fxe6 18. Ng6 Rg8 19. Nxf8 Kxf8 20. Rxd6 Ke7
21. Rd2 Na5 22. Bd3 Rac8 23. Rf2 Nb7 24. c3 Nc5 25. Bc2 Bc6 26. Re1 Rg4 27.
Rfe2 Bb7 28. g3 Rd8 29. Re3 a5 30. a3 e5 31. b4 axb4 32. axb4 Ne6 33. Bb3 Nc7
34. Nh4 Rd2 35. Nf5+ Kd8 36. h3 Rg5 37. Kc1 Rg2 38. h4 Rg4 39. Rd1+ 1-0

[Event "13ème Open International de Saint-Affriq"]
[Site "Saint-Affrique"]
[Date "????.??.??"]
[Round "5.5"]
[White "Flear, Glenn C"]
[Black "Sanchez, Nicolas"]
[Result "1/2-1/2"]
[WhiteElo "2509"]
[BlackElo "2149"]
[PlyCount "57"]

1. d4 Nf6 2. c4 g6 3. Nc3 Bg7 4. e4 d6 5. Be2 O-O 6. Bg5 c6 7. f4 Qa5 8. Qd2 e5
9. fxe5 dxe5 10. d5 cxd5 11. cxd5 Na6 12. Nf3 Nc5 13. Rb1 Qb6 14. Bxf6 Bxf6 15.
Qe3 Bd7 16. O-O Rac8 17. Rfc1 Bg7 $11 18. Kh1 f5 19. exf5 Bxf5 20. Ra1 Na4 21.
Qxb6 Nxb6 22. Nb5 Rxc1+ 23. Rxc1 Rc8 24. Rxc8+ Nxc8 25. Ng5 a6 26. Nc3 Nd6 27.
Bf3 Bf6 28. Nge4 Bxe4 29. Nxe4 1/2-1/2

[Event "13ème Open International de Saint-Affriq"]
[Site "Saint-Affrique"]
[Date "????.??.??"]
[Round "5.6"]
[White "Rolland, Benjamin"]
[Black "Collas, Didier"]
[Result "0-1"]
[WhiteElo "2123"]
[BlackElo "2425"]
[PlyCount "40"]

1. d4 d5 2. c4 e6 3. Nc3 c6 4. e4 Bb4 5. e5 c5 6. Bd2 Ne7 7. Nf3 Nbc6 8. Nb5
O-O 9. Bxb4 cxb4 10. Bd3 f6 11. a3 a6 12. axb4 dxc4 13. Bc2 fxe5 14. Nxe5 Nxe5
15. dxe5 Qb6 16. Qd6 Qxf2+ 17. Kd1 Nc6 18. Kc1 Rd8 19. Qc5 Qf4+ 20. Kb1 Rd5 0-1

[Event "13ème Open International de Saint-Affriq"]
[Site "Saint-Affrique"]
[Date "????.??.??"]
[Round "5.7"]
[White "Leygue, Dominique"]
[Black "Diaz, Mickael"]
[Result "1-0"]
[WhiteElo "2322"]
[BlackElo "2227"]
[PlyCount "75"]

1. d4 d5 2. Nf3 Nf6 3. c3 Bf5 4. Bf4 e6 5. e3 c5 6. Bxb8 Rxb8 7. Bb5+ Ke7 8.
dxc5 Qc7 9. b4 Bxb1 10. Rxb1 g6 11. O-O Bg7 12. Qb3 Rhd8 13. c4 Ne4 14. cxd5
Rxd5 15. Rbd1 Rbd8 16. Rxd5 Rxd5 17. Bd3 Nf6 18. Bc4 Rd8 19. Re1 Ng4 20. h3 Ne5
21. Ng5 Nxc4 22. Qxc4 Qd7 23. Nf3 Qd3 24. Qxd3 Rxd3 25. Rc1 Rc3 26. Rxc3 Bxc3
27. b5 Bb4 28. c6 bxc6 29. Nd4 Kd6 30. Nxc6 Bc5 31. a4 f6 32. Kf1 Kd5 33. Ke2
Kc4 34. Kd2 e5 35. f3 h5 36. e4 g5 37. Kc2 Be3 38. Ne7 1-0

[Event "13ème Open International de Saint-Affriq"]
[Site "Saint-Affrique"]
[Date "????.??.??"]
[Round "5.31"]
[White "Buscara, Sevan"]
[Black "Artiaga, Romain"]
[Result "1-0"]
[WhiteElo "1901"]
[BlackElo "2055"]
[PlyCount "45"]

1. d4 b6 2. c4 Bb7 3. Nc3 e6 4. e4 Bb4 5. Bd3 f5 6. Qe2 Nf6 7. f3 fxe4 8. fxe4
Bxc3+ 9. bxc3 Nxe4 10. Nf3 Nf6 11. O-O Qe7 12. a4 c5 13. a5 Nc6 14. axb6 axb6
15. Rb1 Ra6 16. Be3 d6 17. Bg5 O-O 18. Qc2 h6 19. Bh7+ Kh8 20. Nh4 Qe8 21. Ng6+
Kxh7 22. Nxf8+ Kg8 23. Rxf6 1-0

[Event "13ème Open International de Saint-Affriq"]
[Site "Saint-Affrique"]
[Date "????.??.??"]
[Round "5.36"]
[White "Wallart, Francois"]
[Black "Boulier, Rene"]
[Result "1-0"]
[WhiteElo "1730"]
[BlackElo "1996"]
[PlyCount "81"]

1. e4 e6 2. d4 d5 3. e5 c5 4. c3 Nc6 5. Nf3 Qb6 6. Bd3 Bd7 7. Bc2 cxd4 8. cxd4
Nb4 9. O-O Nxc2 10. Qxc2 Rc8 11. Nc3 Bb4 12. Bd2 f5 13. Qb3 Ba5 14. Qd1 Ne7 15.
Na4 Bxa4 16. Qxa4+ Nc6 17. b4 Bxb4 18. Rab1 O-O 19. Bxb4 Nxb4 20. Qxb4 Qd8 21.
Qd6 Rf7 22. Qxd8+ Rxd8 23. Rfc1 h6 24. h4 Kh7 25. Rc5 Kg6 26. Kf1 Kh5 27. Ke2
Kg4 28. Rb3 f4 29. Rbc3 Rdd7 30. a4 Kf5 31. Nh2 g5 32. hxg5 hxg5 33. f3 a6 34.
Ng4 Kg6 35. Rc8 Kg7 36. Rc1 Rde7 37. Nf6 Kg6 38. Kd3 b5 39. axb5 axb5 40. Rg8+
Kf5 41. Ne8 1-0

[Event "13ème Open International de Saint-Affriq"]
[Site "Saint-Affrique"]
[Date "????.??.??"]
[Round "5.43"]
[White "Valet, Godeffroy"]
[Black "Houard, Sebastien"]
[Result "0-1"]
[WhiteElo "2034"]
[BlackElo "1820"]
[PlyCount "36"]

1. e4 e5 2. Nf3 Nc6 3. Bb5 a6 4. Ba4 Nf6 5. O-O b5 6. Bb3 Be7 7. Re1 O-O 8. c3
d5 9. exd5 Nxd5 10. Nxe5 Nxe5 11. Rxe5 c6 12. d4 Bd6 13. Re1 Qh4 14. h3 Bxh3
15. gxh3 Qxh3 16. Bxd5 Bh2+ 17. Kh1 Bg3+ 18. Kg1 Qh2+ 0-1

[Event "13ème Open International de Saint-Affriq"]
[Site "Saint-Affrique"]
[Date "????.??.??"]
[Round "5.55"]
[White "Margaillan, Benjamin"]
[Black "Lagunes, Matthieu"]
[Result "1-0"]
[WhiteElo "1953"]
[BlackElo "1780"]
[PlyCount "39"]

1. e4 d6 2. d4 Nf6 3. Nc3 g6 4. Be3 Bg7 5. f3 O-O 6. Qd2 Nbd7 7. O-O-O a5 8.
Bh6 a4 9. a3 c6 10. g4 b5 11. h4 b4 12. Nb1 bxa3 13. Nxa3 c5 14. h5 Qc7 15.
hxg6 fxg6 16. Bxg7 Kxg7 17. Qh6+ Kh8 18. g5 cxd4 19. gxf6 Nxf6 20. Qxf8+ 1-0

[Event "13ème Open International de Saint-Affriq"]
[Site "Saint-Affrique"]
[Date "????.??.??"]
[Round "5.57"]
[White "Peeters, Florian"]
[Black "Lecoultre, Patrick"]
[Result "0-1"]
[WhiteElo "1900"]
[BlackElo "1754"]
[PlyCount "74"]

1. e4 c5 2. Nf3 g6 3. d4 Bg7 4. Nc3 cxd4 5. Nxd4 Nc6 6. Be3 Nf6 7. Qd2 d6 8.
Be2 O-O 9. h4 h5 10. O-O-O Ng4 11. Bxg4 Bxg4 12. f3 Bd7 13. Rdg1 Ne5 14. Qe2
Qa5 15. g4 Nc6 16. Qd2 Qb4 17. a3 Qa5 18. gxh5 Qxh5 19. Rg5 Qh8 20. Nxc6 Bxc6
21. h5 Bf6 22. Rgg1 Bxc3 23. bxc3 Qf6 24. hxg6 fxg6 25. Qg2 Kf7 26. Rh7+ Ke8
27. Bg5 Qxc3 28. Rxe7+ Kd8 29. Rf7+ (29. Rxb7+ Kc8 (29... Ke8 30. Re7+ Kd8 31.
Rxa7+) 30. Rb3 $18) 29... Ke8 30. Rxf8+ Kxf8 31. Bh6+ Ke7 32. Qxg6 Qxa3+ 33.
Kd2 Qb4+ 34. Ke3 Qc3+ 35. Kf4 Qe5+ 36. Kg4 $4 Bd7+ 37. Kh4 Qh2+ 0-1

[Event "13ème Open International de Saint-Affriq"]
[Site "Saint-Affrique"]
[Date "????.??.??"]
[Round "5.62"]
[White "Legrain, Patrick"]
[Black "Colandrea, Sauveur"]
[Result "1-0"]
[WhiteElo "1740"]
[BlackElo "1874"]
[PlyCount "61"]

1. e4 Nf6 2. Nc3 d5 3. d3 dxe4 4. dxe4 Qxd1+ 5. Kxd1 Be6 6. Bf4 c6 7. Nf3 h6 8.
Nd4 Bg4+ 9. f3 Bc8 10. Bc4 e6 11. Ke2 Nbd7 12. Be3 Nb6 13. Bb3 e5 14. Nf5 Bxf5
15. exf5 Nfd5 16. Nxd5 Nxd5 17. Bf2 Be7 18. Rad1 Nf4+ 19. Kf1 O-O 20. g3 Nh3
21. Be3 Ng5 22. Kf2 a5 23. a4 b5 24. Rd7 Rfe8 25. Rhd1 Nh7 26. Rc7 Rac8 27.
Rdd7 Rxc7 28. Rxc7 c5 29. axb5 a4 30. Bc4 Nf6 31. b6 1-0

[Event "13ème Open International de Saint-Affriq"]
[Site "Saint-Affrique"]
[Date "????.??.??"]
[Round "5.100"]
[White "Guedon, Sosthene"]
[Black "Flear, James C"]
[Result "0-1"]
[WhiteElo "1130"]
[BlackElo "1200"]
[PlyCount "52"]

1. e4 e5 2. f4 Nc6 3. Nf3 Nf6 4. Nc3 Bc5 5. Bc4 exf4 6. d3 O-O 7. Bxf4 d6 8.
Qd2 Be6 9. O-O-O d5 10. Bb3 dxe4 11. Bxe6 exf3 12. Bh3 fxg2 13. Bxg2 Nd4 14.
Bxb7 Rb8 15. Qg2 g6 16. Nd5 Rxb7 17. Nxf6+ Qxf6 18. Qxb7 Qxf4+ 19. Rd2 Nf3 20.
Rf1 Qxd2+ 21. Kb1 Nxh2 22. Rh1 Re8 23. b3 Bd4 24. a3 Re1+ 25. Rxe1 Qxe1+ 26.
Ka2 Qa1# 0-1

[Event "13ème Open International de Saint-Affriq"]
[Site "Saint-Affrique"]
[Date "????.??.??"]
[Round "6.1"]
[White "Kosten, Anthony C"]
[Black "Georgiev, Krum"]
[Result "1-0"]
[WhiteElo "2522"]
[BlackElo "2468"]
[PlyCount "49"]

1. e4 c5 2. Nf3 d6 3. d4 cxd4 4. Nxd4 Nf6 5. Nc3 a6 6. Bg5 e6 7. f4 Qc7 8. Qf3
Nbd7 9. O-O-O b5 10. Bd3 Bb7 11. Rhe1 Qb6 12. Nd5 Qxd4 13. Bxf6 gxf6 14. Bxb5
Qc5 15. Nxf6+ Kd8 16. Nxd7 Qxb5 17. Nxf8 Rxf8 18. Qa3 Rc8 19. Qxd6+ Ke8 20. Re3
Rg8 21. Rc3 Bc6 22. f5 Rxg2 23. fxe6 Rf2 24. Rc5 Qa4 25. Rg1 1-0

[Event "13ème Open International de Saint-Affriq"]
[Site "Saint-Affrique"]
[Date "????.??.??"]
[Round "6.2"]
[White "Collas, Didier"]
[Black "Apicella, Manuel"]
[Result "1/2-1/2"]
[WhiteElo "2425"]
[BlackElo "2553"]
[PlyCount "25"]

1. Nf3 Nf6 2. c4 g6 3. Nc3 Bg7 4. e4 d6 5. d4 O-O 6. Be2 e5 7. O-O Na6 8. Be3
Ng4 9. Bg5 Qe8 10. dxe5 dxe5 11. h3 f6 12. Bd2 Nh6 13. c5 1/2-1/2

[Event "13ème Open International de Saint-Affriq"]
[Site "Saint-Affrique"]
[Date "????.??.??"]
[Round "6.3"]
[White "Boudre, Jean-Pierre"]
[Black "Degraeve, Jean-Marc"]
[Result "1/2-1/2"]
[WhiteElo "2359"]
[BlackElo "2546"]
[PlyCount "24"]

1. e4 e5 2. Nf3 Nc6 3. Nc3 Nf6 4. Bb5 Nd4 5. Nxd4 exd4 6. e5 dxc3 7. exf6 Qxf6
8. dxc3 Qe5+ 9. Qe2 Qxe2+ 10. Kxe2 c6 11. Bd3 d5 12. Re1 Be6 1/2-1/2

[Event "13ème Open International de Saint-Affriq"]
[Site "Saint-Affrique"]
[Date "????.??.??"]
[Round "6.4"]
[White "Flear, Glenn C"]
[Black "Leygue, Dominique"]
[Result "1-0"]
[WhiteElo "2509"]
[BlackElo "2322"]
[PlyCount "75"]

1. d4 Nf6 2. c4 g6 3. Nc3 Bg7 4. e4 O-O 5. Bg5 d6 6. Be2 c5 7. d5 a6 8. a4 Qa5
9. Bd2 Qc7 10. h3 e6 11. Nf3 exd5 12. exd5 Nbd7 13. O-O Re8 14. Bd3 Ne5 15.
Nxe5 Rxe5 16. Bf4 Re7 17. Re1 Rxe1+ 18. Qxe1 Bd7 19. Qe7 Ne8 20. Ne4 Bf8 21.
Qh4 f5 22. Ng5 h6 23. Ne6 Bxe6 24. dxe6 g5 25. Bxg5 hxg5 26. Qxg5+ Qg7 27. Qxf5
Be7 28. Ra3 d5 29. Bc2 Bd6 30. f4 Nf6 31. Kf2 Bxf4 32. Qxf4 Rf8 33. Kg1 Nh5 34.
Qg4 Qxg4 35. hxg4 Nf4 36. cxd5 Nxd5 37. Rd3 Nb4 38. e7 1-0

[Event "13ème Open International de Saint-Affriq"]
[Site "Saint-Affrique"]
[Date "????.??.??"]
[Round "6.5"]
[White "Sasu-Ducsoara, Andreea-Teodora"]
[Black "Velikov, Petar"]
[Result "0-1"]
[WhiteElo "2210"]
[BlackElo "2422"]
[PlyCount "72"]

1. e4 c5 2. Nf3 e6 3. d4 cxd4 4. Nxd4 a6 5. Bd3 Qc7 6. Nc3 Nf6 7. f4 d6 8. Qf3
b5 9. Be3 Bb7 10. g4 Nc6 11. g5 Nd7 12. O-O-O Nc5 13. Kb1 b4 14. Nce2 g6 15.
Rhe1 Bg7 16. Nxc6 Qxc6 17. Nd4 Qc7 18. f5 gxf5 19. Nxf5 Be5 20. Nh6 Na4 21. Bc1
Nc3+ 22. bxc3 Qxc3 23. Bb5+ axb5 24. Qxc3 bxc3 25. Rf1 Rf8 26. Bf4 Bxe4 27.
Bxe5 dxe5 28. Ng4 Ke7 29. Nf6 Bc6 30. Rde1 Ra6 31. Rxe5 Rfa8 32. Kc1 Rxa2 33.
Kd1 Rd8+ 34. Ke1 h6 35. Rc5 Ra1+ 36. Kf2 Rd2+ 0-1

[Event "13ème Open International de Saint-Affriq"]
[Site "Saint-Affrique"]
[Date "????.??.??"]
[Round "6.6"]
[White "Flouzat, Jean-Marc"]
[Black "Gaudineau, Eric"]
[Result "1-0"]
[WhiteElo "2174"]
[BlackElo "2338"]
[PlyCount "49"]

1. Nf3 Nf6 2. d4 e6 3. Nbd2 c5 4. e3 b6 5. c3 Be7 6. Bd3 O-O 7. Qe2 Qc7 8. O-O
Nc6 9. a3 Bb7 10. e4 cxd4 11. cxd4 Rac8 12. b4 a5 13. b5 Nb8 14. Bb2 Ba8 15. d5
exd5 16. exd5 Rce8 17. Qd1 Bxd5 18. Ng5 Qf4 19. Nxh7 Ng4 20. g3 Nxf2 21. Rxf2
Qe3 22. Nb3 Bxb3 23. Qxb3 Bc5 24. Raf1 Qh6 25. Nxf8 1-0

[Event "13ème Open International de Saint-Affriq"]
[Site "Saint-Affrique"]
[Date "????.??.??"]
[Round "6.7"]
[White "Todorov, Ognjan"]
[Black "Sandu, Mihaela"]
[Result "1-0"]
[WhiteElo "2335"]
[BlackElo "2159"]
[PlyCount "45"]

1. d4 Nf6 2. Nf3 g6 3. c4 Bg7 4. g3 d6 5. Bg2 O-O 6. O-O Nc6 7. Nc3 e5 8. d5
Ne7 9. e4 Ne8 10. Ne1 f5 11. Nd3 Nf6 12. Bg5 h6 13. Bxf6 Bxf6 14. f4 exf4 15.
Nxf4 c6 16. Kh1 Qb6 17. dxc6 Qxb2 18. cxb7 Bxb7 19. Rb1 Qxc3 20. Rxb7 Rab8 21.
Rxa7 Rb2 22. exf5 g5 23. Ng6 1-0

[Event "13ème Open International de Saint-Affriq"]
[Site "Saint-Affrique"]
[Date "????.??.??"]
[Round "6.8"]
[White "Meynard, Thibault"]
[Black "Schoucair, Henry"]
[Result "1-0"]
[WhiteElo "2281"]
[BlackElo "2105"]
[PlyCount "53"]

1. d4 Nf6 2. c4 g6 3. Nc3 d5 4. Bg5 Ne4 5. Nxe4 dxe4 6. Qd2 Bg7 7. e3 c5 8. Ne2
Nc6 9. d5 Ne5 10. Nc3 f5 11. Be2 O-O 12. d6 Qxd6 13. Nd5 Qd7 14. Bxe7 Re8 15.
Bxc5 b6 16. Bd4 b5 17. Qc3 bxc4 18. Bxc4 Nxc4 19. Qxc4 Qe6 20. Bxg7 Kxg7 21.
Qc3+ Kh6 22. Nc7 Qe7 23. Nxa8 Ba6 24. Nc7 Rc8 25. Rc1 Bd3 26. h4 f4 27. Qc5 1-0

[Event "13ème Open International de Saint-Affriq"]
[Site "Saint-Affrique"]
[Date "????.??.??"]
[Round "6.15"]
[White "Van Elst, Andreas"]
[Black "Bosc, Sebastien"]
[Result "1-0"]
[WhiteElo "2263"]
[BlackElo "2048"]
[PlyCount "39"]

1. d4 d5 2. c4 e6 3. Nc3 c6 4. e3 Nf6 5. Nf3 Nbd7 6. Bd3 dxc4 7. Bxc4 b5 8. Bd3
Bb7 9. e4 b4 10. Na4 c5 11. e5 Nd5 12. O-O cxd4 13. Nxd4 Be7 14. Re1 a6 15. Qh5
g6 16. Qh3 Bg5 17. Bxg6 Bxc1 18. Qxe6+ Qe7 19. Bxf7+ Kf8 20. Raxc1 1-0